000 01653nam a2200481 i 4500
001 31944
003 KOSZ 005
005 20200511095910.0
008 200511s1995 pl a f f 000 0 pol
015 _aPB 1995/8520
020 _a8301119543
040 _aWA N
_cWA N
_dKOSZ 005/RW
046 _k1995
080 _a62-1/-8
080 _a621.9
080 _a621.7
080 _a(075.8)
100 1 _aFeld, Mieczysław
_d(1924-2012)
_eAutor
245 1 0 _aTechnologia budowy maszyn /
_cMieczysław Feld.
250 _aWydanie 2 poprawione.
260 _aWarszawa :
_bWydawnictwo Naukowe PWN,
_c1995.
300 _a326, [2] stron :
_bfotografie, rysunki, wykresy ;
_c24 cm.
336 _aTekst
_btxt
_2rdacontent
337 _aBez urządzenia pośredniczącego
_bn
_2rdamedia
338 _aWolumin
_bnc
_2rdacarrier
380 _aKsiążki
380 _aPublikacje dydaktyczne
385 _mPoziom nauczania
_aSzkoły wyższe
388 _a1901-2000
388 _a1989-2000
490 1 _aTechniki Wytwarzania
504 _aBibliografia na stronach [325]-326, spis norm na stronie [327].
521 8 _aPodręcznik przeznaczony jest dla studentów wydziałów mechanicznych wyższych szkół technicznych.
650 7 _aMaszyny
650 7 _aBudowa i konstrukcje
650 7 _aTechnologia
655 7 _aPodręczniki akademickie
658 _aInżynieria i technika
710 2 _aWydawnictwo Naukowe PWN
_4pbl.
830 0 _aTechniki Wytwarzania
856 _uhttp://koha.tu.koszalin.pl/cgi-bin/koha/opac-detail.pl?biblionumber=31944
_yKatalog online BPK
942 _2UKD
_cKS
999 _c31944
_d31944